000 01098nam a2200313 i 4500
003 EG-GICUC
005 20260314091440.0
008 260125s1977 ua |||fr|||| 00| 0 ara d
017 _a4469/77
040 _a EG-GICUC
_bara
_c EG-GICUC
_d EG-GICUC
_erda
041 0 _aAra
082 0 4 _221
_a343.91
_bع و . د
092 0 4 _221
099 _aLaw1 10 343.91 ع و . د 1977
100 0 _aعوض محمد
_eمؤلف.
245 1 0 _aدراسات فى الفقه الجنائى الإسلامى /
_cتأليف الدكتور عوض محمد.
264 3 _aالإسكندرية :
_bدار المطبوعات الجامعية،
_c1977.
300 _a368 صفحة؛
_c24 سم.
336 _2rda content
_atext
337 _2rda media
_aComputer
338 _2rda carrier
_aOnline Resource
546 _aالنص باللغة العربية
650 1 _aالنظام الجنائى الإسلامى
_2qrmak
650 1 _aالقانون الجنائى
_2qrmak
651 1 _2qrmak
856 4 0 _uhttps://fll.law.cu.edu.eg/fulltext/bks/B10-08090.pdf
905 _a54
942 _2ddc
_cBK
_e21
_n0
999 _c59296
_d59296